000 00697nam a2200217Ia 4500
003 OSt
005 20251211161602.0
008 220926b |||||||| |||| 00| 0 eng d
037 _cTB
040 _aCRL
_cCRL
_beng
041 _2eng
_aeng
084 _aR3xC57:g 111K5
_qCL
100 _aRescher, Nicholas
_9856129
245 0 _aRefutation by alexander of aphrodidias of galen's treatise on the theory of motion
_b
260 _aIslamabad, Pakistan:
_bIslamic Research Institute Pakistan,
_c1965.
300 _a178p.
_ccm.
650 _aRELIGION
_9856130
700 _aMarmura, Michael E.
_9557482
942 _hQ7 111K5
_cTB
_2CC
_n0
999 _c889293
_d889293